Legal aid and advice under the Legal aid acts 1949 to 1964, (Record no. 646)

MARC details
000 -LEADER
fixed length control field 01226cam a2200325 4500
001 - CONTROL NUMBER
control field 4610145
003 - CONTROL NUMBER IDENTIFIER
control field OSt
005 - DATE AND TIME OF LATEST TRANSACTION
control field 20110721094738.0
008 - FIXED-LENGTH DATA ELEMENTS--GENERAL INFORMATION
fixed length control field 720320s1971 enkk 001 0 eng
010 ## - LIBRARY OF CONGRESS CONTROL NUMBER
LC control number 76889352
015 ## - NATIONAL BIBLIOGRAPHY NUMBER
National bibliography number B71-28410
020 ## - INTERNATIONAL STANDARD BOOK NUMBER
International Standard Book Number 0406290601
040 ## - CATALOGING SOURCE
Original cataloging agency DLC
Transcribing agency DLC
Modifying agency DLC
043 ## - GEOGRAPHIC AREA CODE
Geographic area code e-uk---
050 00 - LIBRARY OF CONGRESS CALL NUMBER
Classification number KD512
Item number .M38 1971
082 00 - DEWEY DECIMAL CLASSIFICATION NUMBER
Classification number 347/.017 MAT
100 1# - MAIN ENTRY--PERSONAL NAME
Personal name Matthews, Edwin James Thomas.
9 (RLIN) 1863
245 10 - TITLE STATEMENT
Title Legal aid and advice under the Legal aid acts 1949 to 1964,
Statement of responsibility, etc by E. J. T. Matthews and A. D. M. Oulton, in consultation with Seton Pollock.
260 ## - PUBLICATION, DISTRIBUTION, ETC. (IMPRINT)
Place of publication, distribution, etc London,
Name of publisher, distributor, etc Butterworths,
Date of publication, distribution, etc 1971.
300 ## - PHYSICAL DESCRIPTION
Extent lii, 555 p.;
Other physical details forms.
Dimensions 26 cm.
350 ## - PRICE (NR) (BK AM CF MU VM SE) [OBSOLETE]
Price £9.50
500 ## - GENERAL NOTE
General note "Legal aid and advice act 1949:" p. [461]-484.
650 #0 - SUBJECT ADDED ENTRY--TOPICAL TERM
Topical term or geographic name as entry element Legal aid
Geographic subdivision Great Britain.
9 (RLIN) 1864
700 1# - ADDED ENTRY--PERSONAL NAME
Personal name Oulton, A. D. M.
Fuller form of name (Anthony Derek Maxwell)
9 (RLIN) 1865
710 12 - ADDED ENTRY--CORPORATE NAME
Corporate name or jurisdiction name as entry element Great Britain.
Form subheading Laws, statutes, etc.
Title of a work Legal aid and advice act 1949. 1971.
9 (RLIN) 1866
906 ## - LOCAL DATA ELEMENT F, LDF (RLIN)
a 7
b cbc
c orignew
d 3
e ncip
f 19
g y-gencatlg
942 ## - ADDED ENTRY ELEMENTS (KOHA)
Source of classification or shelving scheme Dewey Decimal Classification
Koha item type Books
Holdings
Withdrawn status Lost status Source of classification or shelving scheme Damaged status Not for loan Home library Current library Shelving location Date acquired Total Checkouts Full call number Barcode Date last seen Price effective from Koha item type
    Dewey Decimal Classification     Law Development Centre Main Library Law Development Centre Main Library Text Books and Laws 04/26/2011   347/.017 MAT 2011/2443 04/26/2011 04/26/2011 Books